[Event "Agzamov Memorial 16th"]
[Site "Tashkent"]
[Date "2023.04.06"]
[Round "2"]
[White "Harshavardhan, GB."]
[Black "Kasimov, Ali"]
[Result "1/2-1/2"]
[WhiteElo "2449"]
[BlackElo "2214"]
[PlyCount "216"]
[EventDate "2023.04.05"]
[EventType "swiss"]
[EventRounds "10"]
[EventCountry "UZB"]
[SourceTitle "CBM 213 Extra"]
[Source "ChessBase"]
[SourceDate "2023.05.31"]
[SourceVersion "1"]
[SourceVersionDate "2023.05.31"]
[SourceQuality "1"]

1. d4 Nf6 2. c4 e6 3. Nf3 b6 4. g3 Bb7 5. Bg2 Be7 6. 0-0 0-0 7. Re1 Na6 8. Nc3 Ne4 9. Nxe4 Bxe4 10. a3 Bf6 11. Bd2 c5 12. Bc3 d5 13. Qa4 cxd4 14. Bxd4 Nc5 15. Qb4 Bxd4 16. Nxd4 Rc8 17. Rad1 Qf6 18. cxd5 exd5 19. f3 Bg6 20. Nb5 a5 21. Qd4 Qe6 22. Qxd5 Qe3+ 23. Kh1 Ne6 24. Qd2 Qc5 25. Nd4 Nxd4 26. Qxd4 Qxd4 27. Rxd4 Rc2 28. b4 axb4 29. axb4 Rb2 30. f4 f5 31. Bf3 Be8 32. Red1 Bb5 33. R1d2 Rxd2 34. Rxd2 Re8 35. Kg2 Kf7 36. Kf2 Ke7 37. Rd5 Bd7 38. Ke3 Rc8 39. g4 Rc4 40. Re5+ Kd6 41. Rd5+ Ke7 42. gxf5 Rxb4 43. Bg4 Be8 44. Re5+ Kd8 45. f6 gxf6 46. Re6 h5 47. Bf3 f5 48. Rf6 Bd7 49. Bxh5 Ke7 50. Rf7+ Ke6 51. Rh7 Kd6 52. Bf3 Rc4 53. h4 b5 54. Rh6+ Kc7 55. Bd5 Rc3+ 56. Kd4 b4 57. h5 Rc1 58. Rf6 Rf1 59. e3 Rf2 60. h6 Rh2 61. Kc4 Rh3 62. Be6 Rxe3 63. Bxd7 Kxd7 64. Kxb4 Ke7 65. Ra6 Re4+ 66. Kc5 Kf7 67. h7 Kg7 68. Rh6 Kh8 69. Rh4 Re7 70. Rh5 Rxh7 71. Rxf5 Kg7 72. Kd6 Rh1 73. Ke7 Re1+ 74. Re5 Rf1 75. f5 Rf2 76. Ke6 Rf1 77. Re4 Rf2 78. Rg4+ Kf8 79. Ra4 Kg7 80. Ra7+ Kf8 81. Kf6 Kg8 82. Rg7+ Kf8 83. Rg1 Ra2 84. Re1 Rf2 85. Rh1 Kg8 86. Rg1+ Kf8 87. Kg6 Ra2 88. Rb1 Rf2 89. Rc1 Ke7 90. Re1+ Kf8 91. Ra1 Ke7 92. Ra7+ Kf8 93. Kf6 Kg8 94. Ra8+ Kh7 95. Rf8 Ra2 96. Re8 Rf2 97. Re3 Kg8 98. Re1 Kf8 99. Ra1 Kg8 100. Ra8+ Kh7 101. Rd8 Rf1 102. Re8 Rf2 103. Re5 Kg8 104. Ke7 Kg7 105. Ke6 Rf1 106. Re2 Ra1 107. Rg2+ Kf8 108. Rd2 Ra6+ 1/2-1/2

[Event "Tashkent zt 3.4"]
[Site "Tashkent"]
[Date "2021.05.13"]
[Round "7"]
[White "Kasimov, Ali"]
[Black "Begmuratov, Khumoyun"]
[Result "1/2-1/2"]
[WhiteElo "2244"]
[BlackElo "2017"]
[PlyCount "37"]
[EventDate "2021.05.07"]
[EventType "swiss"]
[EventRounds "9"]
[EventCountry "UZB"]
[SourceTitle "CBM 202 Extra"]
[Source "ChessBase"]
[SourceDate "2021.07.31"]
[SourceVersion "1"]
[SourceVersionDate "2021.07.31"]
[SourceQuality "1"]

1. e4 e5 2. Nf3 Nc6 3. Bb5 Nf6 4. d3 Bc5 5. c3 d5 6. Nbd2 0-0 7. 0-0 dxe4 8. dxe4 Qe7 9. Qe2 Bd7 10. a4 a6 11. Bd3 Nh5 12. Nc4 b5 13. Ne3 Nf4 14. Qc2 Qd6 15. Rd1 Qg6 16. Bf1 Rad8 17. axb5 axb5 18. g3 Nh3+ 19. Kg2 1/2-1/2

[Event "Tashkent zt 3.4"]
[Site "Tashkent"]
[Date "2021.05.12"]
[Round "6"]
[White "Assaubayeva, Bibissara"]
[Black "Kasimov, Ali"]
[Result "1/2-1/2"]
[WhiteElo "2381"]
[BlackElo "2244"]
[PlyCount "86"]
[EventDate "2021.05.07"]
[EventType "swiss"]
[EventRounds "9"]
[EventCountry "UZB"]
[SourceTitle "CBM 202 Extra"]
[Source "ChessBase"]
[SourceDate "2021.07.31"]
[SourceVersion "1"]
[SourceVersionDate "2021.07.31"]
[SourceQuality "1"]

1. d4 Nf6 2. c4 e6 3. Nf3 d5 4. Nc3 Be7 5. Bg5 0-0 6. e3 h6 7. Bxf6 Bxf6 8. Qc2 c6 9. h4 g6 10. g4 Bg7 11. 0-0-0 Nd7 12. cxd5 exd5 13. g5 h5 14. Kb1 Nb6 15. Ne5 Bf5 16. Bd3 Bxd3 17. Qxd3 Bxe5 18. dxe5 Nc4 19. e6 Qe8 20. exf7+ Qxf7 21. f4 Nd6 22. e4 Nxe4 23. Nxe4 dxe4 24. Qxe4 Rae8 25. Qc2 Qf5 26. Rd3 Re4 27. Rd7 Qxd7 28. Qxe4 Qf5 29. Qxf5 Rxf5 30. Rf1 Kf7 31. Kc2 Rd5 32. Kc3 Ke6 33. Re1+ Kf5 34. Re7 Kxf4 35. Rxb7 a5 36. Rg7 Kg4 37. Rxg6 Kxh4 38. Rxc6 Rxg5 39. Kb3 Rg4 40. Rc5 a4+ 41. Ka3 Rf4 42. b4 axb3 43. axb3 Kg4 1/2-1/2

[Event "World ol U16"]
[Site "Corum"]
[Date "2019.11.01"]
[Round "5.3"]
[White "Daggupati, Balaji"]
[Black "Kasimov, Ali"]
[Result "0-1"]
[WhiteElo "2310"]
[BlackElo "2166"]
[PlyCount "132"]
[EventDate "2019.10.29"]
[EventType "team-swiss"]
[EventRounds "9"]
[EventCountry "TUR"]
[SourceTitle "CBM 192 Extra"]
[Source "Chessbase"]
[SourceDate "2019.11.06"]
[SourceVersion "1"]
[SourceVersionDate "2019.11.06"]
[SourceQuality "1"]
[WhiteTeam "United States"]
[BlackTeam "Uzbekistan"]
[WhiteTeamCountry "USA"]
[BlackTeamCountry "UZB"]

1. e4 c5 2. Nf3 Nc6 3. d4 cxd4 4. Nxd4 Nf6 5. Nc3 d6 6. Bg5 e6 7. Qd2 a6 8. 0-0-0 Bd7 9. f4 h6 10. Bxf6 Qxf6 11. Nf3 Qd8 12. g4 Qa5 13. Kb1 Be7 14. Bc4 Qc5 15. Bb3 b5 16. e5 d5 17. f5 0-0-0 18. Qf4 Qb4 19. Qg3 Qa5 20. Ne2 Qb6 21. Nf4 a5 22. c3 a4 23. Bc2 b4 24. cxb4 Nxb4 25. Nd4 Kb7 26. fxe6 fxe6 27. Bg6 a3 28. b3 Rhf8 29. Rhf1 Rc8 30. Nfe2 Bc5 31. Rfe1 Rc7 32. Qe3 Nc6 33. h4 Be7 34. Rh1 Rfc8 35. Nc2 Qxe3 36. Nxe3 Nxe5 37. Bh7 Bc5 38. Nd4 Nc6 39. Nxc6 Bxc6 40. Nc2 Bd7 41. Rhe1 Rf8 42. b4 Bb6 43. Nxa3 Rf4 44. Nc2 Rxg4 45. h5 Rg2 46. Nd4 Rg4 47. Nc2 Rgc4 48. Rd2 Rc3 49. Kb2 Rg3 50. Nd4 Rc4 51. Nc2 Bd8 52. Rde2 Bf6+ 53. Kb1 Kc7 54. Re3 Rg5 55. Bg6 Bc3 56. Rf1 Bxb4 57. Rf7 Kd6 58. Nxb4 Rxb4+ 59. Kc2 Rg2+ 60. Kc3 d4+ 61. Kxb4 dxe3 62. Rf3 e2 63. Re3 Rg4+ 64. Ka5 Ra4+ 65. Kb6 Rxa2 66. Bd3 Ra3 0-1

[Event "Central Asia-ch U20"]
[Site "Tashkent"]
[Date "2019.09.28"]
[Round "8"]
[White "Sunnatov, Mirfayz"]
[Black "Kasimov, Ali"]
[Result "0-1"]
[WhiteElo "1987"]
[BlackElo "2166"]
[PlyCount "138"]
[EventDate "2019.09.21"]
[EventType "swiss"]
[EventRounds "9"]
[EventCountry "UZB"]
[SourceTitle "EXT 2020"]
[Source "ChessBase"]
[SourceDate "2019.10.17"]
[SourceVersion "1"]
[SourceVersionDate "2019.10.17"]
[SourceQuality "1"]

1. e4 c5 2. Nf3 Nc6 3. d4 cxd4 4. Nxd4 e6 5. Nc3 Qc7 6. g4 a6 7. h4 b5 8. Nxc6 Qxc6 9. Bd3 Bb7 10. Rg1 b4 11. Ne2 Nf6 12. Ng3 d5 13. e5 Ne4 14. Be3 Be7 15. g5 Nxg3 16. fxg3 a5 17. Qe2 Ba6 18. 0-0-0 g6 19. Kb1 a4 20. Rc1 Bc4 21. c3 b3 22. a3 Bxd3+ 23. Qxd3 0-0 24. Rcf1 Rfc8 25. Rf4 Rc7 26. Rgf1 Bf8 27. Bd4 Rb8 28. Bg1 Bg7 29. Bd4 Rbb7 30. g4 Qb5 31. Qf3 Bf8 32. h5 Bg7 33. hxg6 hxg6 34. Rh1 Rc4 35. Qh3 Kf8 36. Qh7 Rxd4 37. Rxd4 Bxe5 38. Rd2 Qc4 39. Qh6+ Bg7 40. Qh2 Qe4+ 41. Ka1 Be5 42. Qh3 Rc7 43. Rhd1 Rc4 44. Rg2 d4 45. Rgd2 Qf4 46. Rd3 Qxg5 47. Qh1 Qxg4 48. cxd4 Rxd4 49. Rxd4 Bxd4 50. Qh6+ Ke7 51. Qd2 e5 52. Rc1 Qd7 53. Qb4+ Kf6 54. Rf1+ Kg7 55. Qd2 Qe7 56. Kb1 Qe6 57. Rh1 Qf5+ 58. Ka1 Qf4 59. Qg2 Qf2 60. Qxf2 Bxf2 61. Rc1 e4 62. Rc4 e3 63. Re4 f5 64. Re7+ Kf6 65. Re8 Kf7 66. Re5 f4 67. Rc5 e2 68. Rc1 e1Q 69. Kb1 Qxc1+ 0-1

[Event "Central Asia-ch U20"]
[Site "Tashkent"]
[Date "2019.09.24"]
[Round "4"]
[White "Sindarov, Javokhir"]
[Black "Kasimov, Ali"]
[Result "1-0"]
[WhiteElo "2513"]
[BlackElo "2166"]
[PlyCount "53"]
[EventDate "2019.09.21"]
[EventType "swiss"]
[EventRounds "9"]
[EventCountry "UZB"]
[SourceTitle "EXT 2020"]
[Source "ChessBase"]
[SourceDate "2019.10.17"]
[SourceVersion "1"]
[SourceVersionDate "2019.10.17"]
[SourceQuality "1"]

1. e4 c5 2. Nf3 Nc6 3. d4 cxd4 4. Nxd4 e6 5. Nc3 Qc7 6. Be3 a6 7. Be2 Nf6 8. 0-0 b5 9. Nxc6 dxc6 10. f4 Be7 11. Bd3 e5 12. h3 exf4 13. Bxf4 Qb6+ 14. Kh1 Be6 15. e5 Nd7 16. Ne4 Qd4 17. Nd6+ Bxd6 18. exd6 Ne5 19. Qe1 Nxd3 20. cxd3 Qd5 21. Qg3 Kd7 22. Rac1 g5 23. Be5 Rhg8 24. Qe3 Ke8 25. Rc5 Qxa2 26. Rxc6 Qd5 27. Rc5 1-0

[Event "World School-ch U17"]
[Site "Antalya"]
[Date "2019.04.21"]
[Round "4"]
[White "Kasimov, Ali"]
[Black "Zotov, Semen"]
[Result "1-0"]
[WhiteElo "2186"]
[BlackElo "1458"]
[PlyCount "125"]
[EventDate "2019.04.18"]
[EventType "swiss"]
[EventRounds "9"]
[EventCountry "TUR"]
[SourceTitle "CBM 190 Extra"]
[Source "ChessBase"]
[SourceDate "2019.07.15"]
[SourceVersion "1"]
[SourceVersionDate "2019.07.15"]
[SourceQuality "1"]

1. d4 d5 2. c4 e6 3. Nc3 Nf6 4. cxd5 exd5 5. Bg5 Be7 6. e3 c6 7. Bd3 Nbd7 8. Qc2 h6 9. Bh4 0-0 10. Nge2 Re8 11. f3 b5 12. a3 Nb6 13. Bf2 a5 14. 0-0 a4 15. h3 Be6 16. Nf4 Bd6 17. Nxe6 fxe6 18. Bg6 Rf8 19. e4 e5 20. Rad1 Rc8 21. Rfe1 Qc7 22. dxe5 Bxe5 23. exd5 Nbxd5 24. Nxd5 Nxd5 25. Bf5 Rcd8 26. Be6+ Kh8 27. Bxd5 Rxd5 28. Rxd5 cxd5 29. Qxc7 Bxc7 30. Bd4 Rf7 31. Re6 Kh7 32. Kf2 Rd7 33. Ke3 Bd6 34. Kd3 Kg8 35. Be5 Bc7 36. f4 Kf7 37. Rc6 Bd8 38. Kd4 Be7 39. Rb6 Rd8 40. Rxb5 Rc8 41. Kxd5 Rc2 42. g4 Rh2 43. Rb7 Rxh3 44. Ke4 Rh1 45. Ra7 Re1+ 46. Kf3 Rf1+ 47. Kg2 Rd1 48. Rxa4 Bf6 49. Bxf6 Kxf6 50. Ra6+ Ke7 51. Rb6 Rd3 52. Kf2 Kd8 53. Rb4 Kc7 54. f5 Kc6 55. Re4 Rd2+ 56. Re2 Rd3 57. Re7 Rd2+ 58. Kg3 Rxb2 59. Rxg7 h5 60. g5 Rb3+ 61. Kh4 Rxa3 62. Kxh5 Kd6 63. Kg6 1-0

[Event "Agzamov Memorial 13th"]
[Site "Tashkent"]
[Date "2019.03.17"]
[Round "8"]
[White "Kasimov, Ali"]
[Black "Papin, Vasily"]
[Result "1/2-1/2"]
[WhiteElo "2167"]
[BlackElo "2496"]
[PlyCount "84"]
[EventDate "2019.03.12"]
[EventType "swiss"]
[EventRounds "9"]
[EventCountry "UZB"]
[SourceTitle "CBM 189 Extra"]
[Source "ChessBase"]
[SourceDate "2019.06.03"]
[SourceVersion "1"]
[SourceVersionDate "2019.06.03"]
[SourceQuality "1"]

1. e4 c5 2. Nf3 Nc6 3. Bb5 Na5 4. c3 a6 5. Ba4 e6 6. 0-0 b5 7. Bc2 Bb7 8. d4 cxd4 9. cxd4 Rc8 10. Nc3 Qc7 11. Bd3 Nf6 12. Re1 h6 13. a3 Be7 14. Re2 Qb8 15. Bd2 Nc4 16. Be1 g5 17. Bxc4 Rxc4 18. Ne5 Rc8 19. f3 d6 20. Nd3 g4 21. fxg4 Nxg4 22. h3 Nf6 23. d5 Rg8 24. Nf4 e5 25. Nd3 Rc4 26. Bf2 a5 27. Qe1 b4 28. axb4 axb4 29. Na4 Qc8 30. Kf1 Nxd5 31. b3 Rc2 32. exd5 Bxd5 33. g4 Rxg4 34. hxg4 Qxg4 35. Rxc2 Qh3+ 36. Ke2 Bg5 37. Nxb4 Qf3+ 38. Kf1 Qg2+ 39. Ke2 Qf3+ 40. Kf1 Qh1+ 41. Ke2 Qf3+ 42. Kf1 Qg2+ 1/2-1/2

[Event "Agzamov Memorial 12th"]
[Site "Tashkent"]
[Date "2018.04.29"]
[Round "8"]
[White "Kasimov, Ali"]
[Black "Khusenkhojaev, Muhammad"]
[Result "0-1"]
[WhiteElo "2027"]
[BlackElo "2456"]
[PlyCount "78"]
[EventDate "2018.04.23"]
[EventType "swiss"]
[EventRounds "9"]
[EventCountry "UZB"]
[SourceTitle "CBM 184 Extra"]
[Source "ChessBase"]
[SourceDate "2018.06.28"]
[SourceVersion "1"]
[SourceVersionDate "2018.06.28"]
[SourceQuality "1"]

1. d4 Nf6 2. c4 g6 3. Nc3 d5 4. Bf4 Bg7 5. e3 c5 6. dxc5 Qa5 7. Rc1 Be6 8. Nge2 Nc6 9. Qa4 Qxa4 10. Nxa4 dxc4 11. Nec3 0-0 12. Be2 Rac8 13. 0-0 Nd7 14. Nb5 Nde5 15. Rfd1 Nd3 16. Bxd3 cxd3 17. Rxd3 Nb4 18. Rd2 Nxa2 19. Ra1 Bb3 20. Nbc3 Rfd8 21. Rxd8+ Rxd8 22. h3 Nb4 23. c6 Nxc6 24. Nc5 Rd2 25. Nxb3 Rxb2 26. Nd4 Nxd4 27. exd4 Bxd4 28. Nd1 Rxf2 29. Nxf2 Bxa1 30. Nd3 Bd4+ 31. Kf1 a5 32. Ke2 a4 33. Bc1 f5 34. Ba3 Kf7 35. Bb4 e5 36. g4 Ke6 37. Nc5+ Bxc5 38. Bxc5 Kd5 39. Ba3 Kc4 0-1

[Event "Agzamov Memorial 12th"]
[Site "Tashkent"]
[Date "2018.04.28"]
[Round "6"]
[White "Kasimov, Ali"]
[Black "Malakhatko, Vadim"]
[Result "0-1"]
[WhiteElo "2027"]
[BlackElo "2516"]
[PlyCount "88"]
[EventDate "2018.04.23"]
[EventType "swiss"]
[EventRounds "9"]
[EventCountry "UZB"]
[SourceTitle "CBM 184 Extra"]
[Source "ChessBase"]
[SourceDate "2018.06.28"]
[SourceVersion "1"]
[SourceVersionDate "2018.06.28"]
[SourceQuality "1"]

1. d4 e6 2. e4 d5 3. Nd2 c5 4. exd5 Qxd5 5. Ngf3 cxd4 6. Bc4 Qd8 7. 0-0 Nc6 8. Nb3 a6 9. Nbxd4 Nxd4 10. Nxd4 Qc7 11. Qe2 Bd6 12. h3 Ne7 13. Nf3 b5 14. Bd3 Bb7 15. a4 b4 16. Re1 h6 17. Bd2 Nd5 18. Ne5 0-0 19. Qe4 Nf6 20. Qe2 Rfd8 21. Ng4 Be7 22. Nxf6+ Bxf6 23. Bxb4 Bxb2 24. Rab1 Bf6 25. Ba5 Qxa5 26. Rxb7 Qd5 27. Reb1 a5 28. Qe4 Qxe4 29. Bxe4 Rac8 30. Bd3 Bc3 31. g3 Bb4 32. Kg2 g6 33. Rb5 Rc3 34. Ra1 Rd7 35. h4 h5 36. Kf1 Kg7 37. Kg2 Rcc7 38. Rb1 Rd4 39. Re5 Bc3 40. Bb5 Rxa4 41. Rxe6 Ra2 42. Re2 a4 43. Re4 a3 44. Ra4 Rb2 0-1